000 01273nam a2200313 i 4500
005 20240305165350.0
008 061017s2006 sp v 00 0 spa d
017 _aD.L.SE 4364-2006
020 _a8497729161
035 _a5963
040 _aMpons
_dBUS
_dvLex
041 0 _aspa
043 _aesp
080 _a349.442(460)(094.8)
080 _a351:69(460)(094.8)
080 _a351.785(460)(094.8)
090 _c2743
_d2743
100 1 _aHumero Martín, Antonio E.
245 1 0 _aGuía práctica de casos referentes a la edificación y el urbanismo
_h[Recurso electrónico] /
_cAntonio E. Humero Martín.
256 _aServicio en línea.
260 _aMadrid :
_bDykinson,
_c2006.
300 _a1 recurso electrónico
506 1 _aContenido solo disponible en los productos indicados
_dvLex Global
_dvLex Global (Academic Edition, excluding Law Schools)
_dvLex Global (U.S. Academic Edition, Law Schools)
_dvLex Global (U.S. Academic Edition, excluding Law Schools)
_dvLex Global (Academic Edition, Law Schools)
650 0 4 _aConstrucción
_xDerecho
_zEspaña.
650 0 4 _aUrbanismo
_xDerecho
_zEspaña.
740 0 _avLex Libros (Servicio en línea)
856 4 0 _uhttps://app.vlex.com/#/sources/guia-practica-edificacion-urbanismo-5963
942 _cRAA
999 _c161163
_d161163